00361nam a2200133Ia 4500008004100000020001800041041001200059100001700071245006400088260003400152300000900186650001900195700001300214221030s9999 xx 000 0 und d a9789383992348 aEnglish aV. P. Mishra 0aAdvanced Engineering Mathematicscby V. P. Mishra, J. Sinha bBhavya BooksaNew Delhic2019 a1224 aBE Mathematics aJ. Sinha